| 000 | 00445nam a2200181 i 4500 | ||
|---|---|---|---|
| 001 | 49059 | ||
| 005 | 20230410143134.0 | ||
| 008 | 071102b2000 dr a 000 0 spa | ||
| 040 |
_aDRFGD _bspa |
||
| 041 | 0 | _aspa | |
| 050 | 1 | 4 | _abG354d |
| 100 | 1 | _aGeraldo W.T. | |
| 245 | 1 | 3 |
_aEl Diario de Judas Iscariote / _cGeraldo W.T. |
| 260 |
_a[Santo Domingo] : _bVIP Editorial , _c[2002?] |
||
| 300 | _a244 p. | ||
| 942 |
_2lcc _cbk |
||
| 946 | _amjcruz | ||
| 999 |
_c96420 _d96420 |
||